| 000 | 00855nam a2200265 a 4500 | ||
|---|---|---|---|
| 001 | 000024706 | ||
| 005 | 20200930023324.0 | ||
| 008 | 110131s1989 sp r 000 | spa d | ||
| 020 | _a8401422272 | ||
| 040 |
_aDO-SdBNP _bspa _cBNPHU |
||
| 041 |
_ager _hspa _2Código de idioma MARC |
||
| 082 |
_a833.914 _bB649m |
||
| 100 | 1 |
_aBöll, Heinrich _950676 |
|
| 240 | 0 |
_aFrauen vor Flublandschaft. _lespañol |
|
| 245 | 1 | 3 |
_aMujeres a la orilla del río / _cHeinrich Böll; traducción Adan Kovacsics. |
| 260 |
_aBarcelona : _bPlaza & Janés, _c1989. |
||
| 300 |
_a251 p. ; _c19 cm. |
||
| 490 |
_aEl Ave Fenix _v127 |
||
| 534 |
_aTítulo original : _tFrauen vor Flublandschaft. |
||
| 650 | 4 |
_aNovela alemana _93302 |
|
| 650 | 4 |
_aLiteratura alemana _93274 |
|
| 700 | 1 |
_aKovacsics, Adan _etr. _950677 |
|
| 830 | 3 |
_aEl Ave Fenix ; _v127 _950678 |
|
| 049 | _aBNGR | ||
| 999 |
_c24199 _d24199 |
||